| 000 | 00684cam a22002295a 4500 | ||
|---|---|---|---|
| 001 | L155743 | ||
| 008 | 120413s2012 xxko f 000 0 eng d | ||
| 020 | _a9781848062580 | ||
| 035 | _a(Sirsi) u155743 | ||
| 041 | 0 | _aeng | |
| 100 | 1 | _aBlofeld, Stuart | |
| 245 | 0 | 0 |
_aSustainability at BRE _bdelivering the S plan |
| 260 |
_aWatford _bBRE _c2012 |
||
| 300 |
_a12p. _bill. _c30cm. |
||
| 490 | 0 |
_aBRE Information Paper _v(8/12) |
|
| 520 | _aProvides an overview of the S Plan and identifies the key success factors and lessons learned in its implementation | ||
| 521 | _aAdvanced | ||
| 590 | _aKA | ||
| 651 | 4 |
_aUnited Kingdom _y |
|
| 690 |
_aSustainability _96271 |
||
| 942 | _n0 | ||
| 999 |
_c113788 _d113788 |
||